| 000 | 00617nam a2200217 i 4500 | ||
|---|---|---|---|
| 001 | 130554 | ||
| 003 | ES-MaACL | ||
| 005 | 20230906193754.0 | ||
| 007 | t| | ||
| 008 | 070731s1957 sp ||||1| spa d | ||
| 100 | 1 |
_aZarco Avellaneda, José. _9118062 |
|
| 245 | 1 | 0 |
_aLo que se comenta y aumenta / _cJosé Zarco Avellaneda. |
| 260 |
_a[Cartagena] : _bBaladre, _c1957. |
||
| 300 |
_a337 p. ; _c21 cm. |
||
| 490 | 1 |
_aTorreciega ; _v4 |
|
| 650 | 1 | 7 |
_aEntrevistas _9233598 _2embne |
| 830 | 0 |
_aTorreciega ; _v4 _9219470 |
|
| 852 |
_aES-MaACL _jC-13803 _bR.41574 |
||
| 942 | _2udc | ||
| 999 |
_c130554 _d130554 |
||